000 01268nam a22003617a 4500
003 CHAP
005 20220329135549.0
008 971013s1995 r 00010 d
010 _a38586
011 _a39558
035 _a43679
040 _cCHAP
090 _aTesis
100 0 0 _aVelasco Gutiérrez, Beatriz.
_9118395
245 _aDeterminación de plagas de importancia cuarentenaria del estátice (Limonium spp.) en México
260 _aChapingo, Méx. :
_bEl autor,
_c1995
300 _a92 h.
_b: ilus.
502 _aTesis (Ing. Agr. Esp. en Parasitología Agrícola) -- UACH. Departamento de Parasitología Agrícola
590 _aALEPH
_b10
_c20130110
_lUCH01
_h1304
590 _aBATCH-UPD
_b10
_c20130110
_lUCH01
_h0217
590 _aBATCH-UPD
_b10
_c20130110
_lUCH01
_h1745
590 _aBATCH-UPD
_b10
_c20130410
_lUCH01
_h1124
590 _aBATCH-UPD
_b10
_c20130914
_lUCH01
_h1041
590 _aCONVERSION
_b10
_c20130109
_lUCH01
_h1321
650 1 4 _aControl de plagas.
_927595
650 1 4 _aCultivos
_xPlagas.
_930305
650 1 4 _aLimonium sinuatum.
_966811
650 1 4 _aSanidad vegetal.
_9102224
901 _aBK
942 _cFOLL
949 _bBC
_cTES
_d-99945
_eTS1
_h27412
_i43679
_si
949 _bBC
_cTES
_d33724000693370
_eTS2
_fc.2
_h27413
_i43679
_si
999 _c38586
_d38586